000
00291nam a2200121Ia 4500
008
170620s9999 xx 000 0 und d
100
_a
BURGOYNE EDWORD
245
2
_a
A SHORT COURSE INORGANIC CHEMISTRY
260
_b
N.DELHI TMH
260
_c
1988
300
_a
527
546
_a
English
690
_a
INORGANIC CHEMISTRY
999
_c
30623
_d
30623